| 000 | 00652nam a2200193 a 4500 | ||
|---|---|---|---|
| 003 | DO-SdBNP | ||
| 005 | 20230301081816.0 | ||
| 007 | ta | ||
| 008 | 180322s2013 ad 000 spa d | ||
| 020 | _a9789945412888 | ||
| 040 |
_aDO-SdBNP _bspa _cBNPHU |
||
| 082 | 4 | _222 | |
| 245 | 0 | 0 |
_aLocal capacity development : _bthe key to benefiting from globalization and reducing unemployment in the Dominican Republic ; editor Natasha Despotovic |
| 260 |
_aSanto Domingo : _bFUNGLODE, _c2013. |
||
| 300 |
_a61 p. : _bilustración y gráficos ; _c21 cm. |
||
| 590 | _aInventariado,2023/BT | ||
| 700 | 1 |
_aDespotovic, Natascha, _eeditor _983151 |
|
| 942 |
_2ddc _cLBS1 |
||
| 999 |
_c46259 _d46259 |
||